000 00589cab a22002175a 4500
001 L157472
008 121218e2012 xxk 000 0 eng d
035 _a(Sirsi) u157472
041 0 _aeng
100 1 _aHibberd, Peter
245 0 0 _aTaking the leap
260 _c2012
490 _aBuilding
_v277 (8756) 7 December 2012, 45(1)
520 _aExplains how BIM has the potential to re-shape the construction industry.
590 _aKA
650 2 4 _aBUILDING INFORMATION MODELLING
650 2 4 _aBIM
_96219
651 4 _aUnited Kingdom - 1973-
690 _aBIM
_96219
942 _n0
999 _c84399
_d84399